Statistics for Countries With Crosses on Their Flags

Click here to take the quiz!

General Stats

  • This quiz has been taken 62 times
  • The average score is 15 of 22

Answer Stats

ContinentType of CrossCountry% Correct
EuropeScandinavianDenmark
98%
EuropeScandinavianIceland
98%
EuropeScandinavianNorway
98%
EuropeScandinavianSweden
98%
EuropeScandinavianFinland
97%
OceaniaUnionAustralia
90%
OceaniaUnionNew Zealand
86%
OceaniaUnionFiji
84%
EuropeGreekGreece
83%
EuropeGreekSwitzerland
67%
OceaniaGreekTonga
67%
Europe/Asia5 cross/St. George'sGeorgia
66%
N. AmericaSt. Andrew'sJamaica
66%
EuropeSt. George'sMalta
66%
OceaniaUnionTuvalu
64%
EuropeUnionUnited Kingdom
60%
N. AmericaCenteredDominica
53%
EuropeSt. Andrew'sScotland
52%
N. AmericaCenteredDominican Republic
47%
EuropeSt. George'sEngland
45%
EuropeDoubleSlovakia
40%
AfricaSt. Andrew'sBurundi
10%

Score Distribution

Percentile by Number Answered

Percent of People with Each Score

Your Score History

You have not taken this quiz